[Event "Logumkloster Byturnering Gruppe 2 2013"]
[Site "Oster Hojst"]
[Date "2013.04.09"]
[Round "1"]
[White "Beck, Kresten"]
[Black "Jensen, Jens Peter"]
[Result "0-1"]
[WhiteElo "1181"]
[BlackElo "1281"]
[PlyCount "65"]
[EventDate "2013.??.??"]

1. e4 e5 2. Nf3 d6 3. d3 Be7 4. Be2 Nc6 5. Be3 Nf6 6. h3 h6 7. Nc3 a6 8. a3 d5
9. exd5 Nxd5 10. Nxd5 Qxd5 11. O-O Be6 12. Nh2 O-O 13. Bf3 Qd7 14. Be2 Nd4 15.
Bxd4 exd4 16. f4 f5 17. Nf3 Bf6 18. Qd2 a5 19. Qe1 Rfe8 20. Nd2 Bd5 21. Qd1 Re3
22. Bf3 Rae8 23. Bxd5+ Qxd5 24. Nf3 c5 25. Re1 Qd6 26. Rxe3 Rxe3 27. g3 Qd5 28.
Kf2 Qf7 29. Qd2 Qh5 30. Ng1 Qe8 31. Qxa5 Qc6 32. Qd2 Qh1 33. Re1 0-1

[Event "Logumkloster Byturnering Gruppe 2 2013"]
[Site "Oster Hojst"]
[Date "2013.04.09"]
[Round "1"]
[White "Jensen, Karl Orskov"]
[Black "Wedel, Freddy"]
[Result "1-0"]
[WhiteElo "1383"]
[BlackElo "1200"]
[PlyCount "69"]
[EventDate "2013.??.??"]

1. e4 c5 2. Nf3 d6 3. d4 cxd4 4. Nxd4 Nf6 5. Nc3 e5 6. Bb5+ Bd7 7. Bxd7+ Nbxd7
8. Nf5 g6 9. Nxd6+ Bxd6 10. Qxd6 Qe7 11. Qxe7+ Kxe7 12. Bg5 h6 13. Nd5+ Kd8 14.
Bxf6+ Nxf6 15. Nxf6 Kc7 16. O-O-O Rad8 17. Nd5+ Kb8 18. Rd2 Rd7 19. Rhd1 Rhd8
20. Nf6 Rxd2 21. Rxd2 Rxd2 22. Kxd2 Kc7 23. f3 Kd6 24. c4 Ke6 25. Nd5 f5 26.
Kd3 fxe4+ 27. Kxe4 g5 28. g4 Kd6 29. b4 b6 30. a4 Kc6 31. Kxe5 Kb7 32. b5 a5
33. f4 gxf4 34. Kxf4 Ka7 35. h4 1-0

[Event "Logumkloster Byturnering Gruppe 2 2013"]
[Site "Oster Hojst"]
[Date "2013.09.04"]
[Round "1"]
[White "Jorgensen, Arne Juul"]
[Black "Jessen, Morten"]
[Result "0-1"]
[WhiteElo "1050"]
[BlackElo "1336"]
[PlyCount "133"]
[EventDate "2013.??.??"]

1. d4 Nf6 2. c4 g6 3. Nc3 Bg7 4. Nf3 O-O 5. e4 d6 6. Be2 b6 7. b4 Bb7 8. Qd3
Nbd7 9. O-O c5 10. bxc5 dxc5 11. d5 Nh5 12. Bb2 Nf4 13. Qd2 Bh6 14. Qc2 Bg7 15.
Rfe1 Qc7 16. Nb5 Nxe2+ 17. Rxe2 Qf4 18. Bxg7 Kxg7 19. Qd2 Qxd2 20. Rxd2 a6 21.
Nc3 Rab8 22. Rb1 b5 23. cxb5 axb5 24. Rxb5 Ba6 25. Rxb8 Rxb8 26. a4 Rb3 27. Rc2
Bd3 28. Rc1 c4 29. Ne1 Nc5 30. f3 Ra3 31. Kf2 Nxa4 32. Nxa4 Rxa4 33. Ke3 Ra3
34. Kd2 Bf1 35. Rc3 Ra2+ 36. Rc2 Ra6 37. Rc3 e6 38. g3 exd5 39. exd5 Rd6 40.
Nc2 Rxd5+ 41. Ke1 Bd3 42. Ne3 Rc5 43. Kd2 h5 44. h4 Kf6 45. Ng2 Ke5 46. Ke3 Kf5
47. Nf4 Bf1 48. Kd4 Rc8 49. Ke3 Rd8 50. Kf2 Bd3 51. Ke3 Re8+ 52. Kd2 Bf1 53.
Rc1 Bd3 54. Kc3 Re3 55. g4+ Kxf4 56. g5 Rxf3 57. Re1 Kg4 58. Rh1 Be4+ 59. Kxc4
Rc3+ 60. Kxc3 Bxh1 61. Kd2 Kxh4 62. Ke3 Kxg5 63. Kf2 f5 64. Kg3 f4+ 65. Kh2 Ba8
66. Kg1 h4 67. Kh2 0-1

[Event "Logumkloster Byturnering Gruppe 2 2013"]
[Site "Oster Hojst"]
[Date "2013.04.09"]
[Round "1"]
[White "Kristensen, Karl Martin"]
[Black "Madsen, Nis H"]
[Result "0-1"]
[WhiteElo "1378"]
[BlackElo "1508"]
[PlyCount "66"]
[EventDate "2013.??.??"]

1. c4 b6 2. Nc3 Bb7 3. d4 e6 4. Bf4 Nf6 5. e4 Nxe4 6. Nb5 Bb4+ 7. Ke2 Bd6 8.
Bxd6 Nxd6 9. Nxd6+ cxd6 10. f4 Qh4 11. Qd2 O-O 12. Nf3 Qe7 13. Kf2 d5 14. Rc1
dxc4 15. Bxc4 Bxf3 16. Kxf3 d5 17. Bd3 Nd7 18. Rc7 Ne5+ 19. fxe5 Qxc7 20. Rc1
Qe7 21. Qc2 g6 22. g4 f6 23. Kg3 fxe5 24. dxe5 Qg5 25. Re1 Qf4+ 26. Kh4 Qh6+
27. Kg3 Rac8 28. Qa4 Qd2 29. Qd1 Qxb2 30. Re2 Qd4 31. Rd2 Qe3+ 32. Kh4 Rf3 33.
Bf1 Qh6# 0-1

[Event "Logumkloster Byturnering Gruppe 2 2013"]
[Site "Oster Hojst"]
[Date "2013.04.09"]
[Round "1"]
[White "Asmund, Erik"]
[Black "Schmidt, Holger"]
[Result "1/2-1/2"]
[WhiteElo "1502"]
[BlackElo "1344"]
[PlyCount "35"]
[EventDate "2013.??.??"]

1. e4 e5 2. Nf3 d6 3. Nc3 Nc6 4. d3 Nf6 5. Be2 Be7 6. O-O O-O 7. h3 Be6 8. Be3
d5 9. exd5 Nxd5 10. Nxd5 Bxd5 11. Nh2 f5 12. f4 exf4 13. Bxf4 Nd4 14. c3 Nxe2+
15. Qxe2 Re8 16. Qc2 g6 17. b3 Bc5+ 18. d4 1/2-1/2

[Event "Logumkloster Byturnering Gruppe 2 2013"]
[Site "Oster Hojst"]
[Date "2013.04.16"]
[Round "2"]
[White "Jensen, Jens Peter"]
[Black "Jensen, Karl Orskov"]
[Result "1/2-1/2"]
[WhiteElo "1281"]
[BlackElo "1383"]
[PlyCount "44"]
[EventDate "2013.??.??"]

1. e4 Nf6 2. d3 c5 3. Bg5 Nc6 4. Nf3 d6 5. Be2 b5 6. O-O Bb7 7. c3 a6 8. Nbd2
e6 9. h3 Be7 10. Nh2 Nd7 11. Be3 O-O 12. f4 f5 13. exf5 exf5 14. Bf3 Nf6 15.
Rf2 Qc7 16. Ndf1 Rad8 17. Ng3 Bc8 18. Qc2 g6 19. d4 c4 20. d5 Nb8 21. Rd1 Rde8
22. Bd4 Nbd7 1/2-1/2

[Event "Logumkloster Byturnering Gruppe 2 2013"]
[Site "Oster Hojst"]
[Date "2013.04.16"]
[Round "2"]
[White "Madsen, Nis H"]
[Black "Jessen, Morten"]
[Result "1-0"]
[WhiteElo "1508"]
[BlackElo "1336"]
[PlyCount "59"]
[EventDate "2013.??.??"]

1. g3 d5 2. Bg2 Nf6 3. d4 e6 4. Nf3 c5 5. e3 cxd4 6. Nxd4 Bd6 7. b3 O-O 8. O-O
Bd7 9. Bb2 Be5 10. Nd2 Qc7 11. c4 Bxd4 12. Bxd4 dxc4 13. Nxc4 Ne8 14. Be5 Qc8
15. Bd6 Nxd6 16. Nxd6 Qc7 17. Bxb7 Bc6 18. Bxa8 Bxa8 19. Rc1 Qb6 20. Qd4 Qa6
21. Rfd1 Rd8 22. Qf4 f6 23. Qc4 Qxc4 24. Rxc4 Bd5 25. Rc8 Rxc8 26. Nxc8 Nc6 27.
Rc1 Kf8 28. f4 a6 29. a4 Nb4 30. Nd6 1-0

[Event "Logumkloster Byturnering Gruppe 2 2013"]
[Site "Oster Hojst"]
[Date "2013.04.16"]
[Round "2"]
[White "Wedel, Freddy"]
[Black "Asmund, Erik"]
[Result "0-1"]
[WhiteElo "1200"]
[BlackElo "1502"]
[PlyCount "50"]
[EventDate "2013.??.??"]

1. e4 e5 2. Nf3 Nc6 3. Bb5 d6 4. O-O Bd7 5. d3 a6 6. Bxc6 bxc6 7. Re1 Be7 8.
Be3 Bf6 9. Nbd2 Ne7 10. Qe2 O-O 11. c4 Ng6 12. b4 Rb8 13. Rab1 Re8 14. d4 Qc8
15. a4 Bg4 16. b5 exd4 17. h3 dxe3 18. hxg4 exd2 19. Qxd2 cxb5 20. cxb5 axb5
21. a5 Qxg4 22. Qd3 Nf4 23. Qf1 Bc3 24. Rxb5 Rxb5 25. Qxb5 Qxg2# 0-1

[Event "Logumkloster Byturnering Gruppe 2 2013"]
[Site "Oster Hojst"]
[Date "2013.04.16"]
[Round "2"]
[White "Schmidt, Holger"]
[Black "Beck, Kresten"]
[Result "1/2-1/2"]
[WhiteElo "1344"]
[BlackElo "1181"]
[PlyCount "95"]
[EventDate "2013.??.??"]

1. d4 d5 2. Nf3 Nc6 3. Bf4 e6 4. Nbd2 Nf6 5. e3 Nh5 6. Bg5 Be7 7. Bxe7 Qxe7 8.
Bb5 Bd7 9. Bxc6 Bxc6 10. Ne5 Nf6 11. Nxc6 bxc6 12. Qe2 O-O 13. O-O h6 14. c4
Qd7 15. c5 Rfe8 16. f3 e5 17. Qd3 exd4 18. exd4 Re7 19. Rfe1 Rxe1+ 20. Rxe1 Re8
21. Re3 Qc8 22. Kf2 Qb8 23. Qb3 Qa8 24. Rxe8+ Qxe8 25. Qb7 Qd7 26. Qxa7 Qf5 27.
Qa3 Ng4+ 28. Kg1 Qf4 29. fxg4 Qxd2 30. Qc3 Qd1+ 31. Kf2 Qxg4 32. a4 Qf4+ 33.
Kg1 Qe4 34. a5 Qb1+ 35. Kf2 Qf5+ 36. Qf3 Qc2+ 37. Qe2 Qf5+ 38. Kg3 Qg5+ 39. Kh3
Qf5+ 40. g4 Qc8 41. b4 h5 42. Kg3 hxg4 43. Qxg4 Qb8 44. Qd7 Qxb4 45. a6 Qa3+
46. Kh4 Qxa6 47. Qxc7 Qa4 48. Qc8+ 1/2-1/2

[Event "Logumkloster Byturnering Gruppe 2 2013"]
[Site "Oster Hojst"]
[Date "2013.04.30"]
[Round "3"]
[White "Jensen, Jens Peter"]
[Black "Madsen, Nis H"]
[Result "0-1"]
[WhiteElo "1281"]
[BlackElo "1508"]
[PlyCount "90"]
[EventDate "2013.??.??"]

1. e4 e5 2. Bc4 Bc5 3. Nc3 Nf6 4. d3 d6 5. h3 a6 6. a4 c6 7. Bg5 O-O 8. Nf3
Nbd7 9. O-O Qb6 10. Bb3 a5 11. Qc1 Qc7 12. Be3 Qb6 13. Qd2 Qc7 14. Ng5 Rb8 15.
Qe2 b6 16. f4 Bxe3+ 17. Qxe3 b5 18. fxe5 dxe5 19. Rf2 b4 20. Ne2 h6 21. Nf3 c5
22. Nh4 Ba6 23. Nf5 Kh7 24. Qg3 Nh5 25. Qh4 Ndf6 26. Nxh6 Kxh6 27. Rf5 g6 28.
Rxf6 c4 29. Rxa6 cxb3 30. cxb3 Kg7 31. Rc1 Qb7 32. Rac6 Qa7+ 33. Qf2 Qd7 34. g4
Nf4 35. Nxf4 exf4 36. Qxf4 Qxd3 37. Qe5+ Kg8 38. Qd5 Qg3+ 39. Kf1 Qxh3+ 40. Kf2
Qxg4 41. Ke1 Rbd8 42. Qc4 Rfe8 43. Kf1 Rxe4 44. Qb5 Rf4+ 45. Ke1 Qg1+ 0-1

[Event "Logumkloster Byturnering Gruppe 2 2013"]
[Site "Oster Hojst"]
[Date "2013.04.30"]
[Round "3"]
[White "Asmund, Erik"]
[Black "Jensen, Karl Orskov"]
[Result "1/2-1/2"]
[WhiteElo "1502"]
[BlackElo "1383"]
[PlyCount "48"]
[EventDate "2013.??.??"]

1. e4 Nf6 2. e5 Nd5 3. c4 Nb6 4. b3 Nc6 5. Bb2 d6 6. exd6 exd6 7. Nf3 Bf5 8. d4
Qe7+ 9. Qe2 f6 10. Qxe7+ Bxe7 11. Bc3 d5 12. c5 Nd7 13. Be2 O-O 14. O-O Nd8 15.
Re1 Re8 16. Nbd2 c6 17. Nh4 Be6 18. Bd3 g6 19. f4 f5 20. Nhf3 Bf6 21. Ne5 Nf7
22. Nxd7 Bxd7 23. Nf3 Rxe1+ 24. Rxe1 Re8 1/2-1/2

[Event "Logumkloster Byturnering Gruppe 2 2013"]
[Site "Oster Hojst"]
[Date "2013.04.30"]
[Round "3"]
[White "Jessen, Morten"]
[Black "Schmidt, Holger"]
[Result "1/2-1/2"]
[WhiteElo "1336"]
[BlackElo "1344"]
[PlyCount "45"]
[EventDate "2013.??.??"]

1. c4 e5 2. Nc3 Nf6 3. d3 d6 4. g3 Bd7 5. Bg2 Nc6 6. a3 Rb8 7. Nf3 Be7 8. b4 a6
9. Rb1 Qc8 10. h3 O-O 11. e3 Nd8 12. e4 Ne6 13. Be3 h6 14. Qd2 Nh7 15. Nd5 Bd8
16. g4 c6 17. Nc3 Neg5 18. Nxg5 Bxg5 19. Bxg5 Nxg5 20. h4 Ne6 21. g5 h5 22. Ne2
g6 23. Rg1 1/2-1/2

[Event "Logumkloster Byturnering Gruppe 2 2013"]
[Site "Oster Hojst"]
[Date "2013.04.30"]
[Round "3"]
[White "Beck, Kresten"]
[Black "Kristensen, Karl Martin"]
[Result "1/2-1/2"]
[WhiteElo "1181"]
[BlackElo "1378"]
[PlyCount "72"]
[EventDate "2013.??.??"]

1. e4 e5 2. Nf3 d6 3. Nc3 g6 4. d3 Bg7 5. Be2 Nc6 6. a3 h5 7. h3 a6 8. Be3 f5
9. exf5 Bxf5 10. Rb1 Bf6 11. Qd2 d5 12. Bg5 Be6 13. Bxf6 Qxf6 14. Ng5 O-O-O 15.
Nxe6 Qxe6 16. O-O Nf6 17. b4 Nd4 18. Rbc1 e4 19. Qe3 Qe5 20. f4 Nxe2+ 21. Nxe2
Qd6 22. Nd4 Rhe8 23. Qg3 c5 24. bxc5 Qxc5 25. c3 exd3 26. Qxd3 Re4 27. Kh2 Qd6
28. c4 Rxf4 29. cxd5+ Kb8 30. g3 Rxf1 31. Rxf1 Nxd5 32. Ne2 Nf6 33. Qxd6+ Rxd6
34. Rf3 Ne4 35. Nf4 Kc7 36. Re3 Rd2+ 1/2-1/2

[Event "Logumkloster Byturnering Gruppe 2 2013"]
[Site "Oster Hojst"]
[Date "2013.04.30"]
[Round "3"]
[White "Jorgensen, Arne Juul"]
[Black "Wedel, Freddy"]
[Result "1/2-1/2"]
[WhiteElo "1050"]
[BlackElo "1200"]
[PlyCount "41"]
[EventDate "2013.??.??"]

1. d4 d5 2. Nf3 Nf6 3. Nc3 e6 4. e3 Bb4 5. Bd2 Nbd7 6. Bd3 O-O 7. Nb5 Bxd2+ 8.
Qxd2 c6 9. Nc3 b6 10. O-O e5 11. Nxe5 Nxe5 12. dxe5 Ne4 13. Bxe4 dxe4 14. Qxd8
Rxd8 15. Nxe4 Bf5 16. f3 Bxe4 17. fxe4 Re8 18. Rf5 Rad8 19. Rf2 Rxe5 20. Re1
Rxe4 21. g3 1/2-1/2

[Event "Logumkloster Byturnering Gruppe 2 2013"]
[Site "Oster Hojst"]
[Date "2013.05.07"]
[Round "4"]
[White "Jensen, Karl Orskov"]
[Black "Madsen, Nis H"]
[Result "0-1"]
[WhiteElo "1383"]
[BlackElo "1508"]
[PlyCount "104"]
[EventDate "2013.??.??"]

1. d4 b6 2. c4 Bb7 3. Nc3 Nf6 4. Nf3 e6 5. a3 d5 6. Bg5 Be7 7. e3 Nbd7 8. cxd5
Nxd5 9. Bxe7 Qxe7 10. Qc2 O-O 11. Bd3 f5 12. h4 c5 13. O-O-O Nxc3 14. Qxc3 cxd4
15. Qxd4 Bd5 16. Kb1 Nc5 17. Bc4 Rfd8 18. Qf4 Be4+ 19. Ka1 a6 20. Nd4 Bd5 21.
Nxf5 Qf6 22. Bxd5 Rxd5 23. Rxd5 exd5 24. Nd4 Qxf4 25. exf4 Re8 26. b4 Nd3 27.
f3 Nxf4 28. g3 Nd3 29. Kb1 Re3 30. Rd1 Ne5 31. Nc2 Rxf3 32. Rxd5 Nc4 33. Rd8+
Kf7 34. g4 Nxa3+ 35. Nxa3 Rxa3 36. Kb2 Re3 37. Rd6 Re6 38. Rd4 b5 39. Kb3 Kf6
40. g5+ Kg6 41. Rd5 Kh5 42. Rd7 Rg6 43. Rd4 h6 44. gxh6 gxh6 45. Re4 Rg4 46.
Re6 Rxh4 47. Rxa6 Rg4 48. Rb6 Rg5 49. Kc3 Rd5 50. Rc6 Kg5 51. Rc5 Rxc5+ 52.
bxc5 Kf5 0-1

[Event "Logumkloster Byturnering Gruppe 2 2013"]
[Site "Oster Hojst"]
[Date "2013.05.07"]
[Round "4"]
[White "Jensen, Jens Peter"]
[Black "Asmund, Erik"]
[Result "1/2-1/2"]
[WhiteElo "1281"]
[BlackElo "1502"]
[PlyCount "52"]
[EventDate "2013.??.??"]

1. e4 e5 2. Bc4 Nc6 3. a3 Nf6 4. d3 d6 5. h3 Be7 6. Nf3 h6 7. Bd2 Nh7 8. Bd5
Bf6 9. a4 Be6 10. Nc3 Bxd5 11. Nxd5 Ne7 12. Nc3 Ng6 13. Nd5 c6 14. Nxf6+ Nxf6
15. Nh2 O-O 16. Ng4 Kh7 17. O-O Ng8 18. b3 f5 19. exf5 Rxf5 20. Ne3 Rf7 21. Ng4
Qd7 22. Qe2 Raf8 23. f3 h5 24. Ne3 Nf4 25. Qf2 Qe6 26. Kh2 Nh6 1/2-1/2

[Event "Logumkloster Byturnering Gruppe 2 2013"]
[Site "Oster Hojst"]
[Date "2013.05.07"]
[Round "4"]
[White "Wedel, Freddy"]
[Black "Schmidt, Holger"]
[Result "0-1"]
[WhiteElo "1200"]
[BlackElo "1344"]
[PlyCount "36"]
[EventDate "2013.??.??"]

1. e4 e5 2. Nf3 d6 3. Nc3 Nc6 4. Bb5 Bd7 5. b3 Nf6 6. O-O Be7 7. Ne2 Nxe4 8.
Bb2 Nf6 9. d4 exd4 10. Nfxd4 Nxd4 11. Bxd7+ Qxd7 12. Bxd4 O-O 13. c4 Rfe8 14.
Rc1 c6 15. Qd3 a6 16. c5 Rad8 17. cxd6 Bxd6 18. Bxf6 Bxh2+ 0-1

[Event "Logumkloster Byturnering Gruppe 2 2013"]
[Site "Oster Hojst"]
[Date "2013.05.07"]
[Round "4"]
[White "Jorgensen, Arne Juul"]
[Black "Beck, Kresten"]
[Result "1/2-1/2"]
[WhiteElo "1050"]
[BlackElo "1181"]
[PlyCount "40"]
[EventDate "2013.??.??"]

1. e4 e5 2. Nf3 d6 3. d4 exd4 4. Nxd4 Nf6 5. Nc3 Be7 6. h3 Bd7 7. Bc4 Nc6 8.
Nxc6 Bxc6 9. Bd3 h6 10. Qe2 a6 11. b4 b5 12. Bb2 Qd7 13. Qf3 Qe6 14. O-O O-O
15. Rfe1 Qd7 16. a3 Nh7 17. Ne2 Bf6 18. Bxf6 Nxf6 19. Qf5 Qxf5 20. exf5 Rfe8
1/2-1/2

[Event "Logumkloster Byturnering Gruppe 2 2013"]
[Site "Oster Hojst"]
[Date "2013.05.14"]
[Round "5"]
[White "Madsen, Nis H"]
[Black "Asmund, Erik"]
[Result "1-0"]
[WhiteElo "1508"]
[BlackElo "1502"]
[PlyCount "85"]
[EventDate "2013.??.??"]

1. d4 Nf6 2. g3 d5 3. Bg2 c6 4. Nc3 Bf5 5. e3 Nbd7 6. Nge2 e6 7. O-O Bd6 8. a4
h5 9. f3 Qc7 10. e4 dxe4 11. fxe4 h4 12. e5 Nxe5 13. dxe5 Bxe5 14. Bf4 Qb6+ 15.
Kh1 hxg3 16. Nxg3 Ng4 17. h3 Ne3 18. Bxe3 Qxe3 19. Rf3 Qg5 20. Nxf5 exf5 21.
Qd3 g6 22. Re1 f6 23. Qd6 Rd8 24. Qe6+ Kf8 25. Qb3 Rd2 26. Ne2 b6 27. Qe6 Rh4
28. Qxc6 Re4 29. Qa8+ Kg7 30. Qxa7+ Kf8 31. Qa6 Qh4 32. Rff1 Rg4 33. Qa8+ Kg7
34. Qf3 Re4 35. Qf2 Rf4 36. Qxh4 Rxh4 37. Kg1 g5 38. Rf3 g4 39. hxg4 fxg4 40.
Rd3 Bh2+ 41. Kf1 g3 42. Rxd2 Rxa4 43. Rd7+ 1-0

[Event "Logumkloster Byturnering Gruppe 2 2013"]
[Site "Oster Hojst"]
[Date "2013.05.14"]
[Round "5"]
[White "Jensen, Karl Orskov"]
[Black "Jessen, Morten"]
[Result "1/2-1/2"]
[WhiteElo "1383"]
[BlackElo "1336"]
[PlyCount "45"]
[EventDate "2013.??.??"]

1. f4 Nf6 2. Nf3 d5 3. d3 g6 4. Nc3 Nc6 5. Bd2 Bg7 6. e3 e6 7. d4 Bd7 8. Be2
Qe7 9. O-O a6 10. Ne5 Nxe5 11. dxe5 Ng8 12. Bf3 O-O-O 13. a4 f6 14. b4 c6 15.
b5 c5 16. bxa6 bxa6 17. Qb1 Bc6 18. Qb6 Bb7 19. Bg4 f5 20. Be2 c4 21. Bc1 Qc7
22. Qxe6+ Rd7 23. Qe8+ 1/2-1/2

[Event "Logumkloster Byturnering Gruppe 2 2013"]
[Site "Oster Hojst"]
[Date "2013.05.10"]
[Round "5"]
[White "Schmidt, Holger"]
[Black "Kristensen, Karl Martin"]
[Result "1/2-1/2"]
[WhiteElo "1344"]
[BlackElo "1378"]
[PlyCount "66"]
[EventDate "2013.??.??"]

1. d4 d6 2. Nf3 g6 3. Bf4 Bg7 4. e3 a6 5. Nbd2 h5 6. Bd3 Nh6 7. h3 Bf5 8. Bc4
Nc6 9. c3 e5 10. dxe5 dxe5 11. Bh2 g5 12. Bg3 g4 13. hxg4 Bxg4 14. Be2 Nf5 15.
Bh2 Nh4 16. Nxh4 Qxh4 17. Bf3 O-O-O 18. Qe2 f5 19. O-O-O Qe7 20. Bxg4 hxg4 21.
Bg3 Qc5 22. Qc4 Rd5 23. Rxh8+ Bxh8 24. Rh1 Bf6 25. Qxc5 Rxc5 26. Rh5 Ne7 27.
Rh6 Bg7 28. Rh7 Bf6 29. Bh4 Bxh4 30. Rxh4 Kd7 31. Rh7 Rc6 32. Kc2 Rg6 33. Nc4
Re6 1/2-1/2

[Event "Logumkloster Byturnering Gruppe 2 2013"]
[Site "Oster Hojst"]
[Date "2013.05.14"]
[Round "5"]
[White "Jorgensen, Arne Juul"]
[Black "Jensen, Jens Peter"]
[Result "0-1"]
[WhiteElo "1050"]
[BlackElo "1281"]
[PlyCount "108"]
[EventDate "2013.??.??"]

1. c4 c5 2. Nc3 e6 3. b3 Be7 4. Bb2 Nf6 5. d3 Nc6 6. e3 O-O 7. Be2 a6 8. Bf3
Ne5 9. Nge2 Nxf3+ 10. gxf3 b6 11. e4 Bb7 12. Ng3 d5 13. e5 Nd7 14. Qe2 Qc7 15.
Nd1 d4 16. O-O Nxe5 17. f4 Nf3+ 18. Kg2 Qxf4 19. Bc1 Qh4 20. h3 Ng5+ 21. f3
Qxh3+ 22. Kf2 Qh2+ 23. Ke1 Qxg3+ 24. Kd2 Nxf3+ 25. Kc2 Bh4 26. Rf2 Ng1 27. Qf1
Qg6 28. Rh2 Bf6 29. Bd2 Be5 30. Rf2 f5 31. Nb2 Nf3 32. Rxf3 Bxf3 33. Qxf3 Rab8
34. Rf1 f4 35. Rf2 Rf5 36. Re2 Bd6 37. Qc6 e5 38. Qf3 Qg3 39. Qe4 f3 40. Be1
Qf4 41. Qxf4 Rxf4 42. Rf2 Rbf8 43. Bd2 Rg4 44. Be1 Rg2 45. Nd1 b5 46. Bd2 bxc4
47. bxc4 h5 48. Rf1 h4 49. Nf2 Be7 50. Be1 h3 51. Kc1 Bg5+ 52. Kd1 h2 53. Rh1
Rb8 54. Kc2 Be3 0-1

[Event "Logumkloster Byturnering Gruppe 2 2013"]
[Site "Oster Hojst"]
[Date "2013.05.14"]
[Round "5"]
[White "Wedel, Freddy"]
[Black "Beck, Kresten"]
[Result "0-1"]
[WhiteElo "1200"]
[BlackElo "1181"]
[PlyCount "76"]
[EventDate "2013.??.??"]

1. e4 e5 2. Nf3 d6 3. Nc3 Nf6 4. h3 h6 5. d3 Be6 6. Be3 Nc6 7. Qd2 Be7 8. Ne2
a6 9. d4 exd4 10. Nexd4 Nxd4 11. Bxd4 c5 12. Bxf6 Bxf6 13. O-O-O Be7 14. a3 O-O
15. g4 b5 16. Qc3 Qb6 17. Qe3 Qc7 18. Bg2 Rab8 19. e5 d5 20. Rd3 Rbd8 21. Rhd1
d4 22. Qe4 Bd5 23. Qe1 Qc6 24. Qe2 Bc4 25. Ne1 Qe6 26. Be4 Bxd3 27. Qxd3 Qxe5
28. Ng2 Qc7 29. f4 c4 30. Qf3 a5 31. Kb1 b4 32. a4 Qb6 33. Ne1 Qc7 34. f5 Bf6
35. Ka2 Qe5 36. Qf1 d3 37. c3 Qxe4 38. cxb4 axb4 0-1